|
|
|
|
| LEADER |
02006nam a2200529 a 4500 |
| 001 |
nkc20081815519 |
| 003 |
CZ PrNK |
| 005 |
20130722093726.0 |
| 007 |
ta |
| 008 |
080813s2008 xr ach d p 000 0 cze |
| 015 |
|
|
|a cnb001815519
|
| 020 |
|
|
|a 978-80-7358-118-3
|q (brož.)
|
| 035 |
|
|
|a (OCoLC)276816442
|
| 040 |
|
|
|a OLA001
|b cze
|d ABA001
|
| 072 |
|
7 |
|a 3
|x Společenské vědy
|2 Konspekt
|9 18
|
| 072 |
|
7 |
|a 37.016
|x Učební osnovy. Vyučovací předměty. Učebnice
|2 Konspekt
|9 22
|
| 080 |
|
|
|a 3
|2 MRF
|
| 080 |
|
|
|a 373.5.016
|2 MRF
|
| 080 |
|
|
|a 37.091.274/.275
|2 MRF
|
| 080 |
|
|
|a (075.3)
|2 MRF
|
| 080 |
|
|
|a (035)
|2 MRF
|
| 080 |
|
|
|a (079.1)
|2 MRF
|
| 245 |
0 |
0 |
|a Odmaturuj! ze společenských věd /
|c [zpracovali Miloslava Blažková ... et al.]
|
| 246 |
1 |
|
|i Název na rubu tit. s.:
|a Odmaturuj ze společenských věd - testy
|
| 250 |
|
|
|a Vyd. 1.
|
| 260 |
|
|
|a Brno :
|b Didaktis,
|c c2008
|
| 300 |
|
|
|a 160 s. :
|b il., portréty, faksim. ;
|c 25 cm
|
| 490 |
1 |
|
|a Odmaturuj!
|
| 650 |
0 |
7 |
|a společenské vědy
|7 ph116244
|2 czenas
|
| 650 |
0 |
7 |
|a učivo středních škol
|7 ph136702
|2 czenas
|
| 650 |
0 |
7 |
|a maturitní zkoušky
|7 ph136836
|2 czenas
|
| 650 |
0 |
9 |
|a social sciences
|2 eczenas
|
| 650 |
0 |
9 |
|a secondary school curriculum
|2 eczenas
|
| 650 |
0 |
9 |
|a high school equivalency examinations
|2 eczenas
|
| 655 |
|
7 |
|a učebnice středních škol
|7 fd133771
|2 czenas
|
| 655 |
|
7 |
|a testy
|7 fd133697
|2 czenas
|
| 655 |
|
9 |
|a textbooks (secondary)
|2 eczenas
|
| 655 |
|
9 |
|a tests
|2 eczenas
|
| 700 |
1 |
|
|a Blažková, Miloslava,
|d 1950-
|7 mzk2005279183
|4 aut
|
| 830 |
|
0 |
|a Odmaturuj!
|0 s
|
| 910 |
2 |
|
|a BOA001
|b 2-1211.262
|
| 990 |
|
|
|a BK
|
| 995 |
|
|
|a 01
|
| 991 |
|
|
|b 200810
|c NOV
|
| 996 |
6 |
|
|b 2610355268
|c 2-1211.262
|l MZK
|r Sklad / do 1 hodiny
|n 9
|p p.v.
|w 000913849
|u 000010
|a 1
|e BOA001
|j MZK50
|s P
|
| 996 |
7 |
|
|b 2610355269
|c 2-1211.262
|l Vol.výběr
|r VV 0p
|n 74
|p p.v.
|h 3 ODM
|w 000913849
|u 000020
|a 0
|e BOA001
|j MZK50
|s A
|
| 996 |
6 |
|
|b 2610813120
|c 2-1211.262
|l MZK
|r Sklad / do 1 hodiny
|n 0
|p dar
|w 000913849
|u 000030
|a 1
|e BOA001
|j MZK50
|s P
|